Účtovanie a odpisovanie technického zhodnotenia
Určenie technického zhodnotenia. Účtovanie technického zhodnotenia. Výpočet účtovných odpisov. Daňové odpisy. Príklady.
Gespeichert in:
| 1. Verfasser: | |
|---|---|
| Format: | Buchkapitel |
| Sprache: | Slowakisch |
| Schlagworte: | |
| Tags: |
Keine Tags, Fügen Sie das erste Tag hinzu!
|
MARC
| LEADER | 00000naa$a2200000$$$4500 | ||
|---|---|---|---|
| 001 | 0072594 | ||
| 005 | 20240502071847.5 | ||
| 041 | 0 | |a slo | |
| 044 | |a SK | ||
| 245 | 1 | 0 | |a Účtovanie a odpisovanie technického zhodnotenia |c Miriama Šulovská |
| 520 | |a Určenie technického zhodnotenia. Účtovanie technického zhodnotenia. Výpočet účtovných odpisov. Daňové odpisy. Príklady. | ||
| 610 | 2 | 0 | |a zhodnotenie technické |
| 610 | 2 | 0 | |a účtovanie |
| 610 | 2 | 0 | |a odpisy daňové |
| 610 | 2 | 0 | |a odpisy účtovné |
| 610 | 2 | 0 | |a majetok |
| 100 | 1 | |a Šulovská, Miriama, 1980- | |